[Event "Mineiro-ch"]
[Site "Barbacena"]
[Date "2018.11.30"]
[Round "1"]
[White "Malek, Omar Rasselen Abdul"]
[Black "Ramos, Bruce Vicente"]
[Result "1-0"]
[WhiteElo "1800"]
[BlackElo "2032"]
[PlyCount "95"]
[EventDate "2018.11.30"]
[EventType "swiss"]
[EventRounds "5"]
[EventCountry "BRA"]
[SourceTitle "CBM 187 Extra"]
[Source "ChessBase"]
[SourceDate "2018.11.04"]
[SourceVersion "1"]
[SourceVersionDate "2018.11.04"]
[SourceQuality "1"]

1. d4 Nf6 2. e3 e6 3. Nf3 d5 4. Bd3 Bd6 5. Nbd2 0-0 6. 0-0 b6 7. Qe2 c5 8. c3 Nc6 9. dxc5 Bxc5 10. e4 Qc7 11. h3 e5 12. exd5 Nxd5 13. Ne4 Be7 14. Neg5 Nf6 15. Re1 h6 16. Ne4 Be6 17. Nxf6+ Bxf6 18. Qe4 g6 19. Bxh6 Rfd8 20. Bb5 Bd5 21. Qe3 e4 22. Bg5 Qe7 23. Bxc6 Bxc6 24. Bxf6 Qxf6 25. Nd4 Bb7 26. Rad1 Rd7 27. Nb5 Qd8 28. Rd4 Bc6 29. Rxd7 Qxd7 30. Nd4 Bb7 31. Qg5 Rc8 32. Qd2 Qd5 33. Nb3 Qc6 34. Nd4 Qc4 35. a3 Qd5 36. Qe3 Qa2 37. Re2 Rc5 38. f3 Qb1+ 39. Kh2 exf3 40. Nxf3 Rf5 41. Qh6 Bc6 42. Ng5 Rxg5 43. Qxg5 Qf1 44. Rd2 Qe1 45. Rd4 Qe6 46. Qf4 Kg7 47. Rd6 Qe4 48. Qf6+ 1-0